| 000 | 00000nas##2200000za#4500 |
| 001 | 9.514815 |
| 003 | CaOODSP |
| 005 | 20200514165231 |
| 007 | ta |
| 008 | 150406c1998||||xxc|| m #||||f| |0eng|d |
| 040 | |aCaOODSP|beng |
| 043 | |an-cn--- |
| 086 | 1 |aNH18-1-1E |
| 110 | 2 |aCanada Mortgage and Housing Corporation. |
| 245 | 10|aResearch report. Housing affordability and finance series |
| 246 | 3 |aResearch report |
| 260 | |aOttawa - Ontario : |bCanada Mortgage and Housing Corporation |c[1999?]--. |
| 310 | |aIrregular |
| 500 | |aCanadian cataloguing in publication data printed in these publications. |
| 563 | |aSpiral binding |
| 775 | 08|tRapport de recherche. Série sur le logement abordable et le financement de l'habitation |w(CaOODSP)9.513168 |
| 776 | 0#|tResearch report. Housing affordability and finance series |w(CaOODSP)9.504903 |